00461nam a2200157Ia 450000500170000000800410001702000150005808200210007310000130009424501020010726000380020930000170024765000080026465000150027265000160028720250117000638.0240331s9999 xx 000 0 und d a041507620X bJEF23580a305.3 aHearn, J 0aMen in the Public Eye:bThe construction and deconstruction of public men and public patriarchies aLondonaNew YorkbRoutledgec1992 axii, 292 p., aMen aPatriarchy aMasculinity